000 00846nam a2200277 a 4500
001 129732
003 GBCCL
005 20241126110336.0
008 970421s1996 alu 000 0 eng d
020 _a1563092042 (pbk.)
_c$12.95
020 _a9781563092046 (pbk.)
035 _a(OCoLC)ocm36773271
035 _a(OCoLC)36773271
040 _aMOB
_cMOB
_dLBB
049 _aLBBK
082 _a248.4
_bDEA
092 _a248.4
_bD345
100 1 _aDean, Jennifer Kennedy.
_9445
245 1 0 _aSecret place of the Most High :
_ba journal for those who hunger after the deep things of God /
_cJennifer Kennedy Dean.
260 _aBirmingham, Ala. :
_bNew Hope,
_cc1996.
300 _a165 p. ;
_c22 cm.
650 0 _aDevotional exercises.
_9446
650 0 _aSpiritual life.
_9447
650 0 _aSpiritual journals
_xAuthorship.
_9448
942 _2ddc
_cBK
999 _c363
_d363